000 01112nam a2200277 a 4500
001 BRCA_1231
005 20190320203334.0
008 010327s2001 sp-a---##b---#000-0#spa-#
020 _a847959375X
040 _aDLC
_cDLC
050 4 _aNB1910
_b.I43 2001
245 1 0 _aImaginería indígena mexicana
_buna catequesis en caña de maíz
_ccoordinadores Antonio García-Abásolo, Gabriela García Lascurain, Joaquín Sánchez Ruiz.
260 _aCórdoba
_bPublicaciones Obra Social y Cultural CajaSur
_c2001
300 _a442 p.
_bil. (algunas a color)
_c28 cm.
500 _aCatálogo de la exposición realizada en la Iglesia de la Magdalena, 4-25 febrero, 2001
504 _aIncluye referencias bibliográficas
600 1 4 _aJesucrito
_xArte - Crucifición
_94042
650 1 4 _aEscultura mexicana
_92432
650 1 4 _aArte cristiano y simbolismo
_xInfluencias indias
_zMéxico
_94043
650 1 4 _aArte tarasco
_94044
653 0 _aPasta de caña
700 1 _aGarcía-Abásolo, Antonio F
_94045
700 1 _aGarcía Lascurain, Gabriela
_94046
700 1 _aSánchez Ruiz, Joaquín
_94047
942 _2lcc
_cB
999 _c1101
_d1101